Secesja we Lwowie

Titel: Secesja we Lwowie = Secession in Lviv / Żanna Komar, Julia Bohdanova
Verfasser:
Beteiligt:
Veröffentlicht: Kraków : Wysoki Zamek, 2014
Umfang: 236 S. : Ill.
Format: Buch
Sprache: Polnisch; Englisch
RVK-Notation:
Schlagworte:
ISBN: 9788393958627 ; 9788378931058
Buchumschlag
X
Lokale Klassifikation: 37 9 D ; 37 8 L 1
alg: 35185884
001A    $03004:15-12-14 
001B    $06055:06-03-26 $t21:24:39.000 
001C    $03004:13-03-15 $t09:02:28.000 
001D    $03004:13-03-15 
001U    $0utf8 
001X    $00 
002@    $0Aau 
003@    $0351858849 
004A    $A978-83-939586-2-7 
004A    $A978-83-7893-105-8 
007A    $0351858849 $aHEB 
007G    $0DE020F6D5799CAC8DBC8DC1257E0C0042CDC2 
009P    $qapplication/pdf $A2 $3Inhaltsverzeichnis $uhttp://scans.hebis.de/HEBCGI/show.pl?35185884_toc.pdf $mV:DE-603;B:DE-Mb50 
010@    $apol $aeng 
011@    $a2014 
021A    $aSecesja we Lwowie $fSecession in Lviv $hŻanna Komar, Julia Bohdanova 
028A    $D20231015 $Ecgwrk $71155269586 $8Komar, Żanna$Z20./21. Jh. [Tp3] $942785525X 
028B/01 $#Богданова, Юлія Львівна $#Bohdanova, Julija $#Bohdanova, Ju. $#Bohdanova, Ju. L. $#Bohdanova, Julia $#Bohdanova, Yulia $#Bogdanova, Ûlìâ $#Bogdanova, Yulia $#Bohdanova, Yuliya $#Богданова, Юлія Львівна $D20231015 $Ecgwrk $71155268970 $8Bohdanova, Julija Lʹvivna$Z1974- [Tp3] $9427854822 
033A    $pKraków $nWysoki Zamek 
034D    $a236 S. 
034M    $aIll. 
044K    $RArchitekt $RBaudenkmal $RBauweise $RInnenarchitektur $#Architecture $#Architecture $#Baukunst $D20251120 $Ecgmnf $74002851-3 $8Architektur [Ts1] $9084999292 
044K    $RFin de siècle $#Art nouveau $#Art nouveau $#Art nouveau $#Arte modernista $#Art nouveau $#Stile floreale $#Stile liberty $#Liberty Kunststil $#Modernismo $D20251120 $Ecgmnf $74028939-4 $8Jugendstil [Ts1] $9085076406 
044K    $RDekoration $#Decoration and ornament, Architectural $#Décoration architecturale $#Baudekor $D20251120 $Ecgmnf $74732517-3 $8Baudekoration [Ts1] $9111731399 
044K    $#Lemberg $#Львів $#Leontopolis $#Leopolis $#Leopoli $#Léopol $#Lwów $#Lwow $#L'vov $#Lwiw $#L'viv $#Lʹviv vor 1919 $#Lviv $#Lvovas $D20251120 $Ecgmnf $74035304-7 $8Lemberg [Tg1] $9085095230 
044K    $#Sécession (mouvement artistique) $#Secession Kunst $D20251120 $Ecgmnf $74181124-0 $8Sezession$gKunst [Ts1] $9085867306 
045F    $a709.4386 $eDDC23BSB 
045F/01 $a709 
045F/03 $g4386 
045Z    $D20251120 $Ecgmnf $8RQ 30013 [Tkv] $9411775049 

lok: 35185884 24
101B    $013-03-15 $t09:02:28.000 
101C    $015-12-14 
101U    $0utf8 
145Z/01 $a37 9 D 
145Z/02 $a37 8 L 1 

exp: 35185884 24 1 #EPN
201B/01 $013-03-15 $t09:03:40.000 
201C/01 $015-12-14 
201U/01 $0utf8 
203@/01 $0746676425 
208@/01 $a13-03-15 $bz 
209A/01 $a15.01993 $du $f050 $h15 01993 $x00 
209C/01 $a15.01993 K $h15 01993 K 
209G/01 $a73515343 $x00 
220C/01 $awal 
247C/01 $8358050-7 Marburg, Bibliothek des Herder-Instituts Marburg $9102600961 

lok: 35185884 66
101B    $018-10-24 $t11:29:50.000 
101C    $018-10-24 
101U    $0utf8 
144Z/01 $aLviv 
144Z/02 $aSecesja 

exp: 35185884 66 1 #EPN
201B/01 $018-10-24 $t11:29:39.000 
201C/01 $018-10-24 
201U/01 $0utf8 
203@/01 $01278288503 
208@/01 $a18-10-24 $bz 
209A/01 $aVk Lw/Ko $du $f000 $x00 
209C/01 $a24/j1548G 
247C/01 $8618123-5 Darmstadt, Bibliothek des Deutschen Polen-Instituts $9102600902
LEADER 00000cam a2200000 c 4500
001 351858849
003 DE-603
005 20260306212439.0
007 tu
008 141215s2014 xx |||| | u00||u|pol c
020 |a 9788393958627 
020 |a 9788378931058 
035 |a (DE-599)HEB351858849 
040 |a DE-603  |b ger  |c DE-603  |d DE-603 
041 |a pol  |a eng 
082 0 4 |8 1\u  |a 709.4386  |q DE-101  |2 23/BSB 
084 |a RQ 30013  |0 (DE-625)142414:12584  |0 (DE-603)411775049  |2 rvk 
085 |8 1\u  |b 709 
085 |8 1\u  |z 2  |s 4386 
100 1 |a Komar, Żanna  |d 20./21. Jh.  |0 (DE-603)42785525X  |0 (DE-588)1155269586  |2 gnd 
245 0 0 |a Secesja we Lwowie  |b = Secession in Lviv  |c Żanna Komar, Julia Bohdanova 
264 1 |a Kraków  |b Wysoki Zamek  |c 2014 
300 |a 236 S.  |b Ill. 
650 7 |a Architektur  |0 (DE-588)4002851-3  |0 (DE-603)084999292  |2 gnd 
650 7 |a Jugendstil  |0 (DE-588)4028939-4  |0 (DE-603)085076406  |2 gnd 
650 7 |a Baudekoration  |0 (DE-588)4732517-3  |0 (DE-603)111731399  |2 gnd 
650 7 |a Sezession  |g Kunst  |0 (DE-588)4181124-0  |0 (DE-603)085867306  |2 gnd 
651 7 |a Lemberg  |0 (DE-588)4035304-7  |0 (DE-603)085095230  |2 gnd 
700 1 |a Bohdanova, Julija Lʹvivna  |d 1974-  |0 (DE-603)427854822  |0 (DE-588)1155268970  |2 gnd 
856 4 2 |m V:DE-603;B:DE-Mb50  |q application/pdf  |u http://scans.hebis.de/HEBCGI/show.pl?35185884_toc.pdf  |3 Inhaltsverzeichnis 
924 0 |9 Mb 50  |a (DE-603)746676425  |b DE-Mb50  |c HES  |d c  |g 15.01993 
924 0 |9 Ds 123  |a (DE-603)1278288503  |b DE-Ds123  |c HES  |d d  |g Vk Lw/Ko